Monseñor Romero

Guardat en:
Dades bibliogràfiques
Autor principal: Mora, Arnoldo
Format: Text
Publicat: San José: EDUCA
Etiquetes: Afegir etiqueta
Sense etiquetes, Sigues el primer a etiquetar aquest registre!

MARC

LEADER 00000 a a2200000 04500
001 23885
003
040
020 |a 84-8360-234-2  
090 |a 165000  
100 |a Mora, Arnoldo  
245 |a Monseñor Romero  
260 |a San José:   |b EDUCA  
300 |a 375 p.  
999 |c 16853  |d 16853